Overdue of Trade Liabilities and Receivables - Correction of VAT
Nová legislatíva v oblasti DPH, ktorá upravila historické pravidlá o práve na odpočet DPH.
Saved in:
| Main Author: | |
|---|---|
| Format: | Book Chapter |
| Language: | English |
| Subjects: | |
| Tags: |
No Tags, Be the first to tag this record!
|
MARC
| LEADER | 00000naa$a2200000$$$4500 | ||
|---|---|---|---|
| 001 | 0298393 | ||
| 005 | 20241218092639.4 | ||
| 041 | 0 | |a eng | |
| 044 | |a SK | ||
| 245 | 1 | 0 | |a Overdue of Trade Liabilities and Receivables - Correction of VAT |c Branislav Parajka |
| 520 | |a Nová legislatíva v oblasti DPH, ktorá upravila historické pravidlá o práve na odpočet DPH. | ||
| 610 | 2 | 0 | |a záväzky |
| 610 | 2 | 0 | |a pohľadávky |
| 610 | 2 | 0 | |a dane z hodnoty pridanej |
| 610 | 2 | 0 | |a odpočet dane |
| 610 | 2 | 0 | |a dodávatelia |
| 610 | 2 | 0 | |a predpisy právne |
| 610 | 2 | 0 | |a legislatíva |
| 100 | 1 | |a Parajka, Branislav, 1981- | |